Atatürk'ün milli dış politikası: (Record no. 14460)
[ view plain ]
| 000 -BAŞLIK | |
|---|---|
| Sabit Uzunlukta Kontrol Alanı | 00910nam a22002657a 4500 |
| 999 ## - SİSTEM KONTROL NUMARALARI (KOHA) | |
| Koha Biblionumber | 14460 |
| Koha Biblioitemnumber | 14460 |
| 003 - KONTROL NUMARASI IDENTIFIER | |
| Denetim Alanı | MIRAKIL |
| 005 - SON İŞLEM TARİHİ VE ZAMANI | |
| Denetim Alanı | 20210803114909.0 |
| 008 - SABİT-BOY VERİ ELEMANLARI - GENEL BİLGİLER | |
| Sabit Uzunlukta Kontrol Alanı | 210803b tu ||||| |||| 00| 0 tur d |
| 020 ## - ULUSLARARASI STANDART KİTAP NUMARASI | |
| Uluslararası Standart Kitap Numarası | 9751710995 (tk.) |
| 020 ## - ULUSLARARASI STANDART KİTAP NUMARASI | |
| Uluslararası Standart Kitap Numarası | 9751711002 (c.1) |
| 020 ## - ULUSLARARASI STANDART KİTAP NUMARASI | |
| Uluslararası Standart Kitap Numarası | 9751711010 (c.2) |
| 040 ## - KATALOGLAMA KAYNAK | |
| Orijinal Kataloglama Ajansı | TR-AnCHP |
| Kataloglama Dili | tur |
| Metne Dönüştürmek Ajansı | TR-AnCHP |
| 082 ## - DEWEY ONLU SINIFLANDIRMA NUMARASI | |
| Sınıflandırma Numarası | 327.1 |
| Ürün Numarası | A72 1992 |
| 245 ## - BAŞLIK TABLOSU | |
| Başlık | Atatürk'ün milli dış politikası: |
| Başlığın Kalan | (Milli mücadele dönemine ait 100 belge 1919-1923)/ |
| 246 ## - UNVAN FORM VARYING | |
| Başlık Doğru / Kısa Başlığı | Milli mücadele dönemine ait 100 belge 1919-1923 |
| 260 ## - YAYIN, DAĞITIM, VB | |
| Yayın, Dağıtım, Vb Yeri | Ankara: |
| Yayıncı, Dağıtıcı, Vs Adı | Kültür Bakanlığı, |
| Yayın, Dağıtım, Vb Tarihi | 1992. |
| 300 ## - FİZİKSEL TANIM | |
| Kapsam | 2 c.: |
| Boyutlar | 23 sm. |
| 490 ## - SERİSİ TABLOSU | |
| Seri Beyanı | Atatürk dizisi; |
| Hacim / Ardışık Tanımı | 34. |
| 490 ## - SERİSİ TABLOSU | |
| Seri Beyanı | Kültür Bakanlığı yayınları; |
| Hacim / Ardışık Tanımı | 392. |
| 600 ## - KONU KATMA GİRİŞ - KURUMSAL ADI | |
| Kişisel Ad | Atatürk, Mustafa Kemal |
| Bir Adıyla İlişkilendirilen Tarihler | 1881-1938 |
| Genel Alt Bölümü | Dış politika |
| 650 ## - KONU KATMA GİRİŞ - TOPİKAL DÖNEM | |
| Topikal Süreli Veya Coğrafi Ad Giriş Elemanı | Kurtuluş Savaşı |
| Genel Alt Bölümü | Dış politika |
| -- | 1919-1923 |
| 650 ## - KONU KATMA GİRİŞ - TOPİKAL DÖNEM | |
| Topikal Süreli Veya Coğrafi Ad Giriş Elemanı | Türkiye |
| Form Alt Bölümü | Dış politika |
| -- | 1919-1923 |
| 942 ## - EKLENDİ GİRİŞ ELEMANLARI (KOHA) | |
| Sınıflandırma Veya Raf Düzeni Kaynak | Dewey Decimal Classification |
| Koha Öğesi Türü | Books |
| 999 ## - SİSTEM KONTROL NUMARALARI (KOHA) | |
| Koha Biblioitemnumber | 14460 |
| Kalıcı Konum | Mevcut Konum | Edinme Tarihi | Toplam Check-Out'Lar | Tam Çağrı Numarası | Barkod | Tarih Son Görülme | Kopya Sayısı | İtibaren Geçerli Fiyatlar | Sigara Kamu Notu | Koha Öğesi Türü |
|---|---|---|---|---|---|---|---|---|---|---|
| Parti Okulu Kütüphanesi | Parti Okulu Kütüphanesi | 08/03/2021 | 327.1 A72 1992 | P00817 | 08/03/2021 | c.1 | 08/03/2021 | Emin Değer Bağışıdır. | Books | |
| Parti Okulu Kütüphanesi | Parti Okulu Kütüphanesi | 08/03/2021 | 327.1 A72 1992 | P00818 | 08/03/2021 | c.2 | 08/03/2021 | Emin Değer Bağışıdır. | Books | |
| Parti Okulu Kütüphanesi | Parti Okulu Kütüphanesi | 11/05/2021 | 327.1 A72 1994 | P00907 | 11/05/2021 | c.1 | 11/05/2021 | Emin Değer Bağışıdır. | Books | |
| Parti Okulu Kütüphanesi | Parti Okulu Kütüphanesi | 11/05/2021 | 327.1 A72 1994 | P00908 | 11/05/2021 | c.2 | 11/05/2021 | Emin Değer Bağışıdır. | Books |
